000 00218 a2200097 4500
001 11226
100 _aS.Irtza. Hussain
245 _aAfghanistan Some Aspects
260 _a
_bMatbooat-e-Hurmed
_c
090 _c8778
_d8778
942 _aNUST-CAE
_cM
_c35575
999 _c246299
_d246299